Statistics for Geopolitics 2010's

Click here to take the quiz!

General Stats

  • This quiz has been taken 196 times
  • The average score is 10 of 15

Answer Stats

HintAnswer% Correct
Brittish political movement refering to the UK leaving the EUBrexit
89%
Middle eastern country with a civil war since 2011Syria
88%
Peninsula that whas annexed by Russia in 2014Crimea
87%
Country that got it's independence from another Northern African countrySouth Sudan
83%
Caribbean country that was strucked by earthquakes killing nearly 160,000 inhabitantsHaiti
82%
Worlds tallest building that officaly opened in 2010Burj Khalifa
75%
North Korean dictator who died in 2011Kim Jong-il
73%
Extremist religious group in the country aboveISIS
72%
Brittish prime minister who died in 2013Margaret Thatcher
62%
Enviromental agreement that was struck during December 2015Paris
61%
Capital of Yemen that saw bombings in 2015Sana'a
59%
Indonesian island that the Lion Air Flight 610 crashed in 2015Java
42%
African country with a new capital in December 2018Burundi
35%
Controversial leader of the PhilippinesRodrigo Duterte
31%
New capital of the country aboveGitega
30%

Score Distribution

Percentile by Number Answered

Percent of People with Each Score

Your Score History

You have not taken this quiz